The complete poems of Marianne Moore.

Bibliographic Details
Main Author: Moore, Marianne, 1887-1972
Format: Book
Language:English
Published: New York, N.Y : Macmillan/Viking Press, 1981.

MARC

Tag First Indicator Second Indicator Subfields
LEADER 00000pam a2200000 a 4500
001 in00000070397
005 20151008061730.0
008 800325r19811967nyu 00110 engm
010 |a  80013586  
020 |a 0670235059 
035 |a (OCoLC)06196290 
035 |9 AAJ8697AM 
040 |a DLC  |c DLC  |d m.c.  |d TXA  |d UtOrBLW 
049 |a TXAM [Also in] [Wein]  |c 1 [932558], 2 [A09511005] 
050 0 0 |a PS3525.O5616  |b A17 1981 
082 0 |a 811/.52 
100 1 |a Moore, Marianne,  |d 1887-1972. 
245 1 4 |a The complete poems of Marianne Moore. 
264 1 |a New York, N.Y :  |b Macmillan/Viking Press,  |c 1981. 
300 |a xiv, 305 pages ;  |c 24 cm. 
336 |a text  |b txt  |2 rdacontent 
337 |a unmediated  |b n  |2 rdamedia 
338 |a volume  |b nc  |2 rdacarrier 
500 |a Originally published in 1967 by Macmillan, New York. 
500 |a Includes index. 
536 |a Poetry browsing collection: gift of Eleanor Weinbaum family. 
999 |a MARS 
999 f f |s f618a1c0-392f-3d6f-8e4f-4176b4035fcf  |i d7e19ab5-31ab-3fd5-b559-cbbf6457aa56  |t 0 
952 f f |p normal  |a Texas A&M University  |b College Station  |c Sterling C. Evans Library  |d Evans: Library Stacks  |t 0  |e PS3525.O5616 A17 1981  |h Library of Congress classification  |i unmediated -- volume  |m A14806191092 
998 f f |a PS3525.O5616 A17 1981  |t 0  |l Evans: Library Stacks